UD Almería Squad 2013-2014 - Statistics

General Stats
  • This quiz has been taken 8 times
  • The average score is 9 of 26
Answer Stats
# Position Nation Player % Correct
1 GK Spain Esteban
75%
12 MF Nigeria Ramon Azeez
75%
5 DF Spain Ángel Trujillo
50%
23 MF Spain Fernando Soriano
50%
19 FW Burkina Faso Jonathan Zongo
50%
25 GK Spain Julián Cuesta
50%
21 DF Spain Mané
50%
2 DF Argentina Marco Torsiglieri
50%
15 MF Spain Miguel Ángel Corona
50%
25 GK Argentina Óscar Ustari
50%
10 FW Spain Rodri Ríos
50%
16 DF Argentina Sebastián Dubarbier
50%
7 MF Spain Verza
50%
8 FW Spain Aleix Vidal
25%
18 DF Spain Bolaño
25%
4 DF Chile Hans Martínez
25%
4 DF Argentina Hernán Pellerano
25%
22 DF Portugal Nélson
25%
14 DF Spain Raúl Carnero
25%
17 FW Spain Suso
25%
- Coach Spain Francisco Rodríguez
0%
11 FW Portugal Hélder Barbosa
0%
3 DF Uruguay Marcelo Silva
0%
6 MF Spain Marcos Tébar
0%
9 FW Spain Óscar Díaz
0%
20 DF Spain Rafita
0%
No matching quizzes found
Score Distribution
Percent of People with Each Score
Percentile by Number Answered
Your Score History
You have not taken this quiz